| 000 | 00809nam a22002297a 4500 | ||
|---|---|---|---|
| 999 |
_c8518 _d8518 |
||
| 003 | AR-CdUCM | ||
| 008 | 190325b ||||| |||| 00| 0 spa d | ||
| 020 | _a84-252-0376-7 | ||
| 040 |
_aMUNICIPALIDAD PROVINCIAL DEL CUSCO _cBIBLIOTECA MUNICIPAL DEL CUSCO |
||
| 082 |
_a635.9 / _bH28 |
||
| 100 |
_aHay, Roy _923858 |
||
| 245 | _aDiccionario ilustrado en color de plantas de jardín con plantas de interior y de invernadero / | ||
| 260 |
_aBarcelona : _bGustavo gili, _c1973. |
||
| 300 |
_a364 páginas ; _c32 cm. _bilustraciones, fotografías, |
||
| 505 | _aContenido : Introducción -- Notas de cultivo -- Laminas -- diccionario ... | ||
| 650 |
_aDiccionario _95196 |
||
| 650 |
_aLaminas _923859 |
||
| 650 |
_aPlantas _919530 |
||
| 700 |
_aSynge, Patrick M _923860 |
||
| 942 |
_2ddc _cLIBROS |
||
| 945 | _arah | ||